Eurovision 2025 - Blind Challenge - Statistics

General Stats
  • This quiz has been taken 36 times
    35 since last reset
  • The average score is 25 of 37
Answer Stats
Hint Answer % Correct
Austria Wasted Love
96%
Finland Ich Komme
89%
Germany Baller
85%
Denmark Hallucination
81%
Ireland Laika Party
81%
Greece Asteromata
78%
Sweden Bara Bada Bastu
78%
Ukraine Bird Of Pray
78%
Norway Lighter
78%
United Kingdom What The Hell Just Happened ?
78%
Spain Esa Diva
74%
France Maman
74%
Israel New Day Will Rise
74%
Malta Serving
74%
Netherlands C'est La Vie
70%
Australia Milkshake Man
70%
Belgium Strobe Lights
70%
Armenia Survivor
70%
San Marino Tutta l'Italia
70%
Switzerland Voyage
70%
Albania Zjerm
70%
Portugal Deslocado
67%
Estonia Espresso macchiato
67%
Slovenia How Much Time Do We Have Left
67%
Luxembourg La Poupée Monte Le Son
67%
Lithuania Tavo Akys
67%
Poland Gaja
63%
Czechia Kiss Kiss Goodbye
63%
Croatia Poison Cake
63%
Cyprus Shh
63%
Latvia Bur Man Laimi
59%
Georgia Freedom
59%
Serbia Mila
59%
Azerbaijan Run With U
59%
Montenegro Dobrodošli
56%
Italy Volevo Essere Un Duro
56%
Iceland Roa
0%
No matching quizzes found
Score Distribution
Percent of People with Each Score
Percentile by Number Answered
Your Score History
You have not taken this quiz since the last reset